01689cam a22003011 4500001001300000003000400013005001700017008004100034010001700075035002000092040005400112043001200166050001700178100005300195245021400248260002300462300001800485500001700503500003200520500021300552505039100765650003001156700004901186700005601235700003201291710004701323999001701370gs 06001287 DLC20260227111305.0871112s1855 dcu 000 0 eng c ags 06001287  a(OCoLC)16971612 aLibrary, U.S. Geol. SurveycCU-BANCdCU-BANCdDLC an-us-ca00aQE747.C2bB61 aBlake, William P.q(William Phipps),d1826-1910.10aDescription of the fossils and shells collected in California by William P. Blake, geologist of the United States Pacific Railroad Survey in California, under the command of Lieut. R.S. Williamson, in 1853-54. aWashington,c1855. a34 p.c23 cm. aCover-title. aRunning title: H. doc. 129. aHalf-title: Explorations and surveys for a railroad route from the Mississippi River to the Pacific Ocean.--War Department. Appendix to the preliminary geological report of William P. Blake ... Palaeontology.0 aReport of T.A. Conrad on the fossil shells collected in California by W.P. Blake.--Catalogue of shells collected in California by W.P. Blake, with descriptions of the new species, by A.A. Gould.--Notes upon silicified plants found fossil in California, by W.P. Blake, with a letter from Prof. J.W. Bailey.--Notice of the fossil fishes found in California by Wm. P. Blake, by L. Agassiz. 0aPaleontologyzCalifornia.1 aConrad, T. A.q(Timothy Abbott),d1803-1877.1 aGould, Augustus A.q(Augustus Addison),d1805-1866.1 aAgassiz, Louis,d1807-1873.1 aUnited States.bArmy.bCorps of Engineers. c24532d24532